Derechos Humanos /
El documento consiste en un manual que explica la importancia de los Derechos Humanos, así como en que consisten los mismos, sobretodo en Honduras.
Zapisane w:
| Format: | Texto |
|---|---|
| Język: | Spanish |
| Wydane: |
Yoro:
ERIC
|
| Hasła przedmiotowe: | |
| Etykiety: |
Dodaj etykietę
Nie ma etykietki, Dołącz pierwszą etykiete!
|
MARC
| LEADER | 00000 a a2200000 04500 | ||
|---|---|---|---|
| 001 | 14717 | ||
| 003 | cru CIDCACS/IIS | ||
| 005 | 20230619142308.0 | ||
| 008 | 230619b |||||||| |||| 00| 0 spa d | ||
| 040 | |c CRAI/IIS | ||
| 090 | |a 04.02.01 E649d | ||
| 245 | |a Derechos Humanos / |c ERIC | ||
| 260 | |a Yoro: |b ERIC | ||
| 300 | |a 40 páginas | ||
| 300 | |b il. | ||
| 520 | |a El documento consiste en un manual que explica la importancia de los Derechos Humanos, así como en que consisten los mismos, sobretodo en Honduras. | ||
| 650 | |a DERECHOS HUMANOS | ||
| 650 | |a SALUD | ||
| 650 | |a EDUCACION | ||
| 650 | |a TRABAJO | ||
| 651 | 4 | |9 2652 |a HONDURAS | |
| 942 | |2 ddc |c LI |h 04.02.01 E649d |i 02860 |6 040201_E649D_02860 | ||
| 999 | |c 3298 |d 3298 | ||
